00778nam a2200205 i 450000100060000000300090000600500170001500700030003200800410003510000320007624501350010825000150024326000340025830000300029270000360032270000430035885200320040199900170043395201220045063480ES-MaACL20230906164900.0t|031210s1970 sp ||||1| spa d1 aFerrer Pi, Santiago.95049310aOsteomielitis aguda hematógena en la infancia / cpor Santiago Ferrer Pi, Damián Pedrola Guixe, Mª Luisa Roldán Valentín. a[1ª ed.]. aBarcelona : bEspaxs, c1970. a151 p. : bil. ; c23 cm.1 aPedrola Guixe, Damián.9899361 aRoldán Valentín, Mª Luisa.999154 aES-MaACLjC-44541 bR.76096 c63480d63480 00104070aATENEOMbATENEOMcDEPO2d2008-01-17eSCl0oC-44541p1066537r2023-02-23 00:00:00w2023-02-23yMONOGRAFIA